000 01085nam a2200253Ia 4500
001 21656
005 20260417114558.0
008 260320s9999||||xx |||||||||||||| ||und||
020 _a9788445445846
041 _aESP
082 _a616.89
_bB16
100 _aBaile Ayensa, José Ignacio,
_eAUT
245 0 _aPsicología clínica y de la salud en adultos :
_bmanual de casos
250 _aSegunda edición
260 _aMadrid :
_bCentro de Estudios Financieros,
_c2023
300 _a334 páginas :
_bfotografías, tablas, gráficos ;
_c24 cm.
650 _aTCA
653 _aPsicología clínica
654 _aCCS
856 _uhttps://0u23fwvlh-y-https-www-clinicalkey-com.itmsp.museknowledge.com/student/login
_zVéase además: Base de datos ClinicalKey
856 _uhttps://0u216wvfk-y-https-accessmedicina-mhmedical-com.itmsp.museknowledge.com/
_zVéase además: Base de datos McGraw Hill Access Medicina
856 _uhttps://0u203wvlv-y-https-www-uptodate-com.itmsp.museknowledge.com/contents/search
_zVéase además: Base de datos UpToDate
942 _cLIB
_dJUS
_fMAT
_2ddc
999 _c21656
_d21656